| 000 | 01044nam0a22002651 4500 | ||
|---|---|---|---|
| 001 | rc\2815324 | ||
| 005 | 20250806211009.0 | ||
| 035 | _a(NLR Aleph) 006941092 | ||
| 090 |
_a16890 _c16890 |
||
| 100 | _a20110915d1945 u y0rusy50 ca | ||
| 101 | 0 | _arus | |
| 102 | _aRU | ||
| 105 | _aa z ||||| | ||
| 200 | 1 |
_aВ помощь начинающему печнику _fМ. А. Меркель _gНауч.-иссл. ин-т коммунал. хоз-ва Ленгорисполкома |
|
| 210 |
_a[Ленинград] _cЛениздат _d1945 _gтип. № 2 Упр. изд-в и полиграфии Ленгорисполкома |
||
| 215 |
_a44 с., 1 л. черт. _cил., черт. _d20 см. |
||
| 320 | _a"Литература", стр. 44 | ||
| 700 | 1 |
_aМеркель _bМ.А. _f1895- _gМихаил Аркадьевич |
|
| 801 | 0 |
_aRU _bNLR _gpsbo |
|
| 801 | 1 |
_aRU _bELAR _2rusmarc |
|
| 852 |
_aNLR _jТ80 Г-4/446 |
||
| 942 | _cBOOK | ||
| 945 | _aРоссийская национальная библиотека | ||
| 980 | _aNB | ||
| 980 | _aBV | ||